000 00317nam a2200121Ia 4500
008 190216s9999||||xx |||||||||||||| ||und||
100 _aPublication Division Author
245 0 _aReflections(An Anthology Of Prose)
260 _bUniversity Of Calicut
_c1994
300 _a79p
650 _aEnglish Prose
942 _cBK
999 _c13839
_d13839